Studies on forensically important entomological specimens recovered from monkey carrion exposed to different ecological habitats /
Saved in:
| 主要作者: | |
|---|---|
| 格式: | Thesis 圖書 |
| 語言: | English |
| 出版: |
2012
|
| 主題: | |
| 在線閱讀: | http://studentsrepo.um.edu.my/id/eprint/4556 |
| 標簽: |
添加標簽
沒有標簽, 成為第一個標記此記錄!
|
| LEADER | 01367cam a2200337 i 4500 | ||
|---|---|---|---|
| 001 | u1004890 | ||
| 003 | SIRSI | ||
| 005 | 201410021612 | ||
| 008 | 141002s2012 my a t 000 0 eng m | ||
| 040 | |a UMM |d AUM |e rda | ||
| 043 | |a a-my--- | ||
| 090 | |a QH302 |b UMP 2012 Che | ||
| 100 | 1 | |a Chen, Chee Dhang, |e author | |
| 245 | 1 | 0 | |a Studies on forensically important entomological specimens recovered from monkey carrion exposed to different ecological habitats / |c Chen Chee Dhang. |
| 264 | 1 | |c 2012 | |
| 264 | 4 | |c 2012 | |
| 300 | |a xx, 199 leaves, 10 unnumbered leaves : |b illustrations ; |c 30 cm | ||
| 336 | |a text |2 rdacontent | ||
| 337 | |a unmediated |2 rdamedia | ||
| 338 | |a volume |2 rdacarrier | ||
| 502 | |b Ph.D |c Institut Sains Biologi, Fakulti Sains, Universiti Malaya |d 2012. | ||
| 504 | |a Bibliography: leaves 181-193 | ||
| 530 | |a Also issued in CD. | ||
| 650 | 0 | |a Carrion insects |z Malaysia. | |
| 650 | 0 | |a Forensic entomology | |
| 710 | 2 | |a Universiti Malaya. |b Institut Sains Biologi, |e degree granting institution. | |
| 856 | 4 | 1 | |u http://studentsrepo.um.edu.my/id/eprint/4556 |
| 900 | |a ZA | ||
| 596 | |a 1 25 | ||
| 999 | |a QH302 UMP 2012 CHE |w LC |c 1 |i A515974925 |d 9/10/2015 |f 9/10/2015 |g 1 |l STACKS |m P01UTAMA |r Y |s Y |t TESIS |u 8/10/2015 |1 STEM | ||
| 999 | |a QH302 UMP 2012 CHE |w LC |c 1 |i A515971527 |f 7/8/2023 |g 1 |l STACKS |m P25UMARCHI |r N |s Y |t CD |u 9/7/2015 |1 STEM |o .STAFF. MST-CD8062 | ||
